[Event "Master Open"]
[Site "Voronezh"]
[Date "2017.06.19"]
[Round "7.59"]
[White "Martynyuk, Elizaveta"]
[Black "Pogosian, Georgy"]
[Result "1/2-1/2"]
[WhiteElo "2112"]
[BlackElo "2211"]
[Annotator ""]
[Source ""]
[Remark ""]

1.e4 c6 2.Nc3 d5 3.d4 dxe4 4.Nxe4 Bf5 5.Ng3 Bg6 6.h4 h6 7.h5
Bh7 8.Nf3 Nd7 9.Bd3 Bxd3 10.Qxd3 Ngf6 11.Bf4 e6 12.O-O-O Be7
13.Kb1 O-O 14.Ne4 Nxe4 15.Qxe4 Nf6 16.Qe2 Qd5 17.Ne5 Qe4 18.Qd2
Nd5 19.Be3 Rad8 20.Rh3 c5 21.Rg3 Nxe3 22.fxe3 Bd6 23.Rg4 Qf5
24.Qe2 Bxe5 25.e4 Qf6 26.Rf1 Qe7 27.dxe5 Qc7 28.Qe3 Qxe5 29.Qxh6
f5 30.exf5 Rxf5 31.Rc1 Rd7 32.Qg6 Rdf7 33.a3 Rxh5 34.Re4 Qf5
35.Rxe6 Qxg6 36.Rxg6 Rf2 37.Rd1 Re5 38.Rd7 Re1+ 39.Ka2 Rf7 40.Rxf7
Kxf7 41.Rg3 Re4 42.Kb3 g6 43.Kc3 Kf6 44.Kd3 Rd4+ 45.Ke3 1/2-1/2

[Event "Master Open"]
[Site "Voronezh"]
[Date "2017.06.19"]
[Round "7.60"]
[White "Rakshitta, Ravi"]
[Black "Kavyev, Ruslan"]
[Result "1-0"]
[WhiteElo "1910"]
[BlackElo "2188"]
[Annotator ""]
[Source ""]
[Remark ""]

1.e4 c5 2.Nf3 d6 3.d4 cxd4 4.Nxd4 Nf6 5.Nc3 a6 6.Bg5 Nbd7 7.Bc4
Qa5 8.f4 Nxe4 9.O-O Nxc3 10.bxc3 Qxc3 11.Bb3 g6 12.Re1 Nc5 13.Bf6
Rg8 14.Nb5 Qxe1+ 15.Qxe1 axb5 16.Bd4 Nxb3 17.axb3 Ra6 18.Rxa6
bxa6 19.Qa5 Kd7 20.c4 Bb7 21.cxb5 axb5 22.Qxb5+ Bc6 23.Qb8 f6
24.Qa7+ Ke6 25.b4 Bh6 26.Qc7 Bd7 27.Qc4+ d5 28.Qa6+ Kf7 29.g3
Rb8 30.Bc5 Rb5 31.Qa7 Ke6 32.Qa2 Bf8 33.Qa8 Kf7 34.Qxd5+ Be6
35.Qc6 Rb8 36.b5 Rc8 37.Qb6 Bd5 38.Qa7 Be4 39.Qa2+ Kg7 40.Qc4
Bb7 41.Qd4 Kg8 42.Qd7 Rxc5 43.Qxb7 e5 44.Qd7 Rc2 45.Qe6+ Kg7
46.b6 Bc5+ 47.Kh1 Bxb6 48.Qxb6 exf4 49.gxf4 Re2 50.Qc7+ Kh6 51.Qf7
f5 52.Qf8+ Kh5 53.Qg7 Kg4 54.Qxh7 Kf3 55.Qh3+ Kxf4 56.Qg3+ Ke4
57.Qxg6 Rf2 58.h4 Ke3 59.h5 f4 60.Qb6+ Ke2 61.Qxf2+ Kxf2 62.h6
f3 63.h7 1-0

[Event "Master Open"]
[Site "Voronezh"]
[Date "2017.06.19"]
[Round "7.61"]
[White "Smirnov, Alexander"]
[Black "Zaika, Daniil"]
[Result "1/2-1/2"]
[WhiteElo "2423"]
[BlackElo "2093"]
[Annotator ""]
[Source ""]
[Remark ""]

1.e4 e6 2.d4 d5 3.exd5 exd5 4.Nf3 Bd6 5.c4 c6 6.cxd5 cxd5 7.Bd3
Ne7 8.O-O Nbc6 9.Bg5 O-O 10.Nc3 f6 11.Be3 Qe8 12.Nd2 Nb4 13.Bb1
Bf5 14.Qb3 Kh8 15.Re1 Bxb1 16.Raxb1 Qd7 17.g3 Rac8 18.a3 Nbc6
19.Nxd5 Nf5 20.Nf3 Qf7 21.Qa2 Rfd8 22.Nc3 Qh5 23.Kg2 Bc7 24.Rbd1
Bb6 25.Ne2 Re8 26.Nf4 Qh6 27.Nd5 Nxe3+ 28.fxe3 Ne7 29.Nxe7 Rc2+
30.Rd2 Rxd2+ 31.Nxd2 Rxe7 32.Rc1 Qxe3 33.Rc8+ Re8 34.Rxe8+ Qxe8
35.Qc4 h6 36.d5 Qe5 37.Qd3 Qd4 38.Qxd4 Bxd4 39.Nc4 Kg8 40.Kf3
b5 41.Ke4 Bc5 42.b4 Bxb4 43.axb4 bxc4 44.Kd4 Kf7 45.Kxc4 Ke7
46.Kc5 Kd7 47.d6 f5 48.Kd5 g5 1/2-1/2

[Event "Master Open"]
[Site "Voronezh"]
[Date "2017.06.19"]
[Round "7.63"]
[White "Ustinov, Alexey"]
[Black "Pshmahov, Osman"]
[Result "1/2-1/2"]
[WhiteElo "2138"]
[BlackElo "2012"]
[Annotator ""]
[Source ""]
[Remark ""]

1.d4 Nf6 2.Bg5 Ne4 3.Bh4 d5 4.Nd2 g6 5.f3 Nxd2 6.Qxd2 Bg7 7.O-O-O
c5 8.dxc5 Nc6 9.e4 dxe4 10.Qxd8+ Nxd8 11.fxe4 Bd7 12.Nf3 Rc8
13.Bf2 Bc6 14.Bd3 O-O 15.Nd4 e5 16.Nb5 Bxb5 17.Bxb5 Ne6 18.Bd7
Rc7 19.Bxe6 Bh6+ 20.Kb1 fxe6 21.Bg3 Rxc5 22.Rd7 b5 23.Rhd1 a5
24.a3 b4 25.axb4 axb4 26.Rb7 Rc4 27.Bxe5 Rxe4 28.Bd6 Rd8 29.Rd3
Re1+ 30.Ka2 Re2 31.Kb3 Rxg2 32.Rxb4 Bf8 33.Bxf8 Rxd3+ 34.cxd3
Kxf8 35.Rb8+ Kg7 36.Rb7+ Kh6 37.Kc4 Rxh2 38.b4 Kg5 39.b5 h5 40.b6
Rb2 41.Kc5 h4 42.Rh7 Kg4 43.b7 h3 44.Kd6 h2 1/2-1/2

[Event "Master Open"]
[Site "Voronezh"]
[Date "2017.06.19"]
[Round "7.64"]
[White "Garifullina, Leya"]
[Black "Kochukova, Anna"]
[Result "1-0"]
[WhiteElo "1883"]
[BlackElo "2123"]
[Annotator ""]
[Source ""]
[Remark ""]

1.e4 c5 2.Nf3 e6 3.d4 cxd4 4.Nxd4 Nf6 5.Nc3 d6 6.Be3 Be7 7.f4
Nc6 8.Qf3 Qc7 9.O-O-O a6 10.Rg1 Nd7 11.g4 b5 12.g5 Bb7 13.Bg2
Rc8 14.Rd2 Na5 15.f5 e5 16.Nb3 Nc4 17.Rf2 Nxb2 18.Nxb5 axb5 19.Kxb2
Nc5 20.Bxc5 dxc5 21.f6 gxf6 22.gxf6 Bd6 23.Bh3 Ra8 24.Rfg2 Rf8
25.Rd1 c4 26.Nc1 Qc5 27.c3 b4 28.Rgd2 bxc3+ 29.Qxc3 Qb6+ 30.Nb3
cxb3 31.Rxd6 Rxa2+ 32.Kb1 Bxe4+ 33.R6d3 Qb7 34.Qxe5+ 1-0

[Event "Master Open"]
[Site "Voronezh"]
[Date "2017.06.19"]
[Round "7.65"]
[White "Smirnova, Ekaterina"]
[Black "Ioffe, Ilya"]
[Result "1-0"]
[WhiteElo "2216"]
[BlackElo "2214"]
[Annotator ""]
[Source ""]
[Remark ""]

1.d4 d5 2.c4 c6 3.Nc3 Nf6 4.e3 e6 5.Nf3 Nbd7 6.Qc2 b6 7.e4 dxe4
8.Nxe4 Bb7 9.Nxf6+ Nxf6 10.Be2 c5 11.O-O Be7 12.Rd1 Qc7 13.h3
O-O 14.Be3 Rad8 15.dxc5 Bxc5 16.Bxc5 Qxc5 17.Rxd8 Rxd8 18.Rd1
Rd6 19.Rxd6 Qxd6 20.Qd2 Qxd2 21.Nxd2 Kf8 22.f4 Ke7 23.Kf2 Kd6
24.b4 e5 25.g3 exf4 26.gxf4 Bc8 27.h4 Ng4+ 28.Kf3 f5 29.Bd3 g6
30.Nb3 Bb7+ 31.Ke2 Nf6 32.Ke3 Be4 33.Be2 Bb1 34.a3 Ne4 35.Nd2
Nc3 36.Bf3 Bc2 37.Kd4 Na4 38.c5+ bxc5+ 39.bxc5+ Kc7 40.Bd5 Bd1
41.Bg8 h6 42.Bf7 Nb2 43.Bxg6 Bg4 44.Nc4 Nxc4 45.Kxc4 Be2+ 46.Kd4
Bg4 47.Ke5 Kc6 48.Bxf5 1-0

[Event "Master Open"]
[Site "Voronezh"]
[Date "2017.06.19"]
[Round "7.66"]
[White "Sarvesh, Kumar A"]
[Black "Lingur, Zalina"]
[Result "1/2-1/2"]
[WhiteElo "1905"]
[BlackElo "2125"]
[Annotator ""]
[Source ""]
[Remark ""]

1.e4 c5 2.Nf3 d6 3.d4 cxd4 4.Nxd4 Nf6 5.Nc3 a6 6.Bg5 Nbd7 7.Qe2
e5 8.Nb3 Be7 9.O-O-O b5 10.f4 Qc7 11.fxe5 Nxe5 12.Bxf6 Bxf6 13.Qd2
Be6 14.Qxd6 Qxd6 15.Rxd6 Be7 16.Rd4 Bg5+ 17.Kb1 Be3 18.Rd1 Ng4
19.Re1 Bf2 20.Rc1 Be3 21.Re1 Bf2 22.Rc1 Be3 23.Re1 Bf2 1/2-1/2

[Event "Master Open"]
[Site "Voronezh"]
[Date "2017.06.19"]
[Round "7.15"]
[White "Tsydypov, Zhamsaran"]
[Black "Praggnanandhaa, R"]
[Result "1-0"]
[WhiteElo "2511"]
[BlackElo "2467"]
[Annotator ""]
[Source ""]
[Remark ""]

1.d4 Nf6 2.c4 e6 3.g3 d5 4.Bg2 Bb4+ 5.Bd2 Bd6 6.Nc3 dxc4 7.Qa4+
c6 8.Qxc4 Nbd7 9.Nf3 e5 10.O-O Qe7 11.dxe5 Nxe5 12.Nxe5 Bxe5
13.Bxc6+ bxc6 14.Qxc6+ Qd7 15.Qxa8 O-O 16.Be3 Bb7 17.Qxa7 Ra8
18.Qb6 Ra6 19.Qb5 Qc7 20.Nd5 Qb8 21.Bf4 Bxf4 22.Nxf4 Ng4 23.Rad1
h5 24.Rd7 1-0

[Event "Master Open"]
[Site "Voronezh"]
[Date "2017.06.19"]
[Round "7.16"]
[White "Rodin, Dmitrij"]
[Black "Golubov, Saveliy"]
[Result "0-1"]
[WhiteElo "2391"]
[BlackElo "2504"]
[Annotator ""]
[Source ""]
[Remark ""]

1.e4 e5 2.Nf3 Nc6 3.Bb5 a6 4.Ba4 Nge7 5.c3 g6 6.O-O Bg7 7.d4
exd4 8.cxd4 b5 9.Bb3 O-O 10.Nc3 Na5 11.Bc2 d6 12.h3 Bb7 13.Bf4
Rc8 14.Qe2 Re8 15.Rad1 b4 16.Nb1 Nd5 17.Bg5 Qd7 18.Rfe1 h6 19.Bd2
c5 20.dxc5 Rxc5 21.Bd3 Bxb2 22.Bxh6 Bh8 23.Qd2 Nc3 24.Nxc3 Bxc3
25.Qf4 Rh5 26.Re2 f6 27.e5 fxe5 28.Qe3 e4 29.Nh2 exd3 30.Qxe8+
Qxe8 31.Rxe8+ Kf7 32.Rd8 Ke7 33.Rg8 Rxh6 34.Rxd3 Nc4 35.Rg7+
Bxg7 0-1

[Event "Master Open"]
[Site "Voronezh"]
[Date "2017.06.19"]
[Round "7.17"]
[White "Nesterov, Arseniy"]
[Black "Iljiushenok, Ilia"]
[Result "0-1"]
[WhiteElo "2382"]
[BlackElo "2496"]
[Annotator ""]
[Source ""]
[Remark ""]

1.d4 Nf6 2.c4 g6 3.Nc3 Bg7 4.e4 d6 5.Be2 O-O 6.Bg5 Na6 7.Qd2
e5 8.d5 Qe8 9.Bd1 c6 10.Nge2 cxd5 11.cxd5 Nc5 12.Bc2 a5 13.O-O
Bd7 14.a3 a4 15.Rfe1 Rc8 16.Nc1 Nh5 17.Bh6 f5 18.exf5 gxf5 19.Bxg7
Kxg7 20.Nd3 Nxd3 21.Bxd3 Kh8 22.Bf1 Rg8 23.Rac1 Nf4 24.Na2 Rd8
25.Rc3 Qf7 26.Nb4 h5 27.g3 h4 28.Kh1 Qg6 29.Rc4 hxg3 30.fxg3
Rg7 31.Qf2 Rdg8 32.Rc7 Nh5 33.Bh3 Qh6 34.Rxd7 Nxg3+ 35.Kg2 Ne4+
36.Rxg7 Rxg7+ 0-1

[Event "Master Open"]
[Site "Voronezh"]
[Date "2017.06.19"]
[Round "7.18"]
[White "Maltsevskaya, Aleksandra"]
[Black "Gavrilov, Alexei"]
[Result "1/2-1/2"]
[WhiteElo "2203"]
[BlackElo "2495"]
[Annotator ""]
[Source ""]
[Remark ""]

1.e4 e6 2.d4 d5 3.Nc3 Nf6 4.Bg5 dxe4 5.Nxe4 Nbd7 6.Bd3 Be7 7.Qe2
Nxe4 8.Bxe7 Qxe7 9.Bxe4 Nf6 10.Bd3 O-O 11.O-O-O b6 12.Nf3 Bb7
13.c3 c5 14.Rhg1 Rad8 15.Kb1 cxd4 16.Nxd4 Qc7 17.h4 e5 18.Nf5
Rxd3 19.Rxd3 Be4 20.Ng3 Bxd3+ 21.Qxd3 Rd8 22.Qe2 Nd5 23.Ne4 Nf4
24.Qb5 h6 25.g3 Nd3 26.Rd1 Nc5 27.Re1 Ne6 28.f3 Kh8 29.Nf2 Qb7
30.Ne4 Rd5 31.Qe8+ Kh7 32.g4 Rd3 33.g5 Qd7 34.Qxd7 Rxd7 35.Kc2
Kg6 36.gxh6 Kxh6 37.Nf2 f6 38.Ng4+ Kh7 39.h5 Rc7 40.h6 Nd4+ 41.Kd1
Nxf3 42.hxg7 Kxg7 43.Rf1 e4 44.Ke2 Rd7 45.Ke3 f5 46.Nf2 Kg6 47.b3
Kg5 48.Rh1 Rd2 49.Nh3+ Kg4 50.Nf4 Rc2 51.Nd5 Rd2 52.Nf4 Rh2 53.Rxh2
Nxh2 54.Ne2 Nf3 55.c4 Ne1 56.Nc3 Nd3 57.Nxe4 fxe4 58.Kxe4 Nc1
59.Kd5 Nxa2 60.Kc6 Nc1 61.Kb7 a5 62.Kxb6 Nxb3 63.c5 1/2-1/2

[Event "Master Open"]
[Site "Voronezh"]
[Date "2017.06.19"]
[Round "7.19"]
[White "Gunchenko, Vadim"]
[Black "Belyakov, Bogdan"]
[Result "1/2-1/2"]
[WhiteElo "2199"]
[BlackElo "2476"]
[Annotator ""]
[Source ""]
[Remark ""]

1.d4 Nf6 2.c4 d6 3.Nc3 e5 4.d5 g6 5.e4 Bg7 6.Nf3 a5 7.h3 Na6
8.Be3 Nd7 9.a3 Nb6 10.g4 Bd7 11.b3 Nc5 12.b4 Nca4 13.Nxa4 Nxa4
14.b5 Nc5 15.Bxc5 dxc5 16.Rg1 O-O 17.Bd3 Qf6 18.Qe2 Qf4 19.Qe3
Qxe3+ 20.fxe3 b6 21.Ra2 f6 22.Rag2 Kf7 23.Ke2 Ke7 24.h4 Rh8 25.Rh2
Rag8 26.Kd2 Be8 27.Bf1 Bf7 28.Bh3 h6 29.a4 Be8 30.Ke2 Kd6 31.Kf2
Bf8 32.h5 gxh5 33.Nh4 Ke7 34.gxh5 Rxg1 35.Kxg1 Rg8+ 36.Ng6+ Bxg6
37.hxg6 Rxg6+ 38.Rg2 Kf7 39.Rxg6 Kxg6 40.Kf2 Kg5 41.Kg3 h5 42.Be6
Bh6 43.Bf5 Bf8 44.Be6 f5 45.Bxf5 Be7 46.Be6 Kg6 47.Bf5+ Kh6 48.Be6
Bg5 49.Kf3 Bh4 50.Bh3 Be1 51.Be6 Kg5 52.Bh3 Bd2 53.Be6 Bc1 54.Bd7
Ba3 55.Bf5 Bb4 56.Be6 Kh4 57.Bf5 Bd2 58.Be6 Be1 59.Bf5 Bd2 60.Be6
Bc1 61.Bf5 Bd2 62.Be6 1/2-1/2

[Event "Master Open"]
[Site "Voronezh"]
[Date "2017.06.19"]
[Round "7.21"]
[White "Gabrielian, Artur"]
[Black "Provotorov, Ivan"]
[Result "1/2-1/2"]
[WhiteElo "2506"]
[BlackElo "2368"]
[Annotator ""]
[Source ""]
[Remark ""]

1.e4 e6 2.d4 d5 3.Nc3 Nf6 4.e5 Nfd7 5.f4 c5 6.Nf3 a6 7.Be3 Qb6
8.Na4 Qa5+ 9.c3 cxd4 10.b4 Qc7 11.Bxd4 Nc6 12.Be3 b5 13.Nb2 Ncxe5
14.fxe5 Qxc3+ 15.Qd2 Bxb4 16.Kd1 Nxe5 17.Nxe5 Qxe5 18.Qxb4 Qxe3
19.a4 e5 20.Be2 bxa4 21.Nxa4 Bd7 22.Nb6 Rb8 23.Rxa6 Qe4 24.Qxe4
dxe4 25.Kd2 Be6 26.Ke3 f5 27.Rc1 O-O 28.Rc5 f4+ 29.Kxe4 Bf5+
30.Kf3 e4+ 31.Kf2 e3+ 32.Kf3 h5 33.h3 Rbe8 34.Ra4 g5 35.g4 fxg3
36.Kxg3 h4+ 37.Kh2 Kh8 38.Kg1 Rb8 39.Rb4 Rf6 40.Nd5 Rxb4 41.Nxf6
Bxh3 42.Rxg5 Be6 43.Re5 Rb1+ 44.Kg2 h3+ 45.Kh2 Rb2 46.Rxe6 Rxe2+
47.Kxh3 Kg7 48.Nd5 Re1 49.Nxe3 Kf7 50.Re5 Rg1 51.Kh4 Kf6 52.Re4
Kg6 53.Re6+ Kf7 54.Ra6 Ke7 55.Ng4 Kd7 56.Kg5 Rf1 57.Ne3 Rf3 58.Nf5
Rc3 59.Rd6+ Kc7 60.Rd1 Kc6 61.Kf6 Kc5 62.Ke5 Kc4 63.Rd8 Rh3 64.Ke4
Kc5 65.Rc8+ Kb6 66.Rc1 Rh2 67.Kd5 Rh5 68.Rf1 Rg5 69.Kc4 Kc6 70.Nd4+
Kd6 71.Rf6+ Ke7 72.Ra6 Kf7 73.Nc6 Kg7 74.Kd4 Rg1 75.Ne5 Rd1+
76.Ke4 Re1+ 77.Kd5 Rd1+ 78.Ke6 Rf1 79.Ra2 Rf6+ 80.Ke7 Rf1 81.Ra6
Re1 82.Rg6+ Kh7 83.Rg5 Ra1 84.Rg3 Kh6 85.Kf6 Ra6+ 86.Kf5 Kh7
87.Rb3 Ra5 88.Rb6 Kg7 89.Rb7+ Kh6 90.Re7 Rb5 91.Ra7 Rd5 92.Ra1
Rb5 93.Rg1 Kh7 94.Rc1 Ra5 95.Kf6 Ra6+ 96.Nc6 Rb6 97.Rc2 Ra6 98.Kg5
Kg7 99.Ne5 Kf8 100.Rc7 Ke8 101.Nc6 1/2-1/2

[Event "Master Open"]
[Site "Voronezh"]
[Date "2017.06.19"]
[Round "7.22"]
[White "Burmakin, Vladimir"]
[Black "Sadhwani, Raunak"]
[Result "1/2-1/2"]
[WhiteElo "2504"]
[BlackElo "2328"]
[Annotator ""]
[Source ""]
[Remark ""]

1.d4 Nf6 2.Nf3 g6 3.g3 Bg7 4.Bg2 O-O 5.c4 d6 6.O-O c5 7.d5 e6
8.dxe6 fxe6 9.Nc3 Nc6 10.Ng5 Ne5 11.b3 Qe7 12.Rb1 a6 13.Nge4
Ne8 14.Bg5 Qc7 15.Qd2 Rb8 16.a4 Nf7 17.Bf4 b6 18.Rfd1 Bb7 1/2-1/2

[Event "Master Open"]
[Site "Voronezh"]
[Date "2017.06.19"]
[Round "7.23"]
[White "Khegay, Dmitriy"]
[Black "Obolentseva, Alexandra"]
[Result "1-0"]
[WhiteElo "2482"]
[BlackElo "2283"]
[Annotator ""]
[Source ""]
[Remark ""]

1.d4 Nf6 2.c4 g6 3.Nc3 Bg7 4.e4 d6 5.Be2 O-O 6.Nf3 e5 7.d5 a5
8.Be3 Ng4 9.Bg5 f6 10.Bh4 Na6 11.Nd2 Nh6 12.a3 Qe8 13.O-O Bd7
14.b3 f5 15.Rb1 Nc5 16.f3 Nf7 17.b4 axb4 18.axb4 Na4 19.Qc2 Bh6
20.Bf2 Nxc3 21.Qxc3 fxe4 22.Nxe4 Ng5 23.Nxg5 Bxg5 24.c5 Bb5 25.Rfe1
Bxe2 26.Rxe2 Qb5 27.Re4 Ra2 28.h4 Bd2 29.Qc4 Qxc4 30.Rxc4 Bf4
31.cxd6 cxd6 32.b5 Rfa8 33.g3 Bh6 34.b6 Re2 35.Re4 Rd2 36.f4
Raa2 37.Rf1 Rxd5 38.Rc4 Rdd2 39.Rc8+ Bf8 40.fxe5 dxe5 41.g4 Rac2
42.Rb8 g5 43.hxg5 e4 44.g6 hxg6 45.g5 Rd7 46.Bg3 Rf7 47.Bd6 1-0

[Event "Master Open"]
[Site "Voronezh"]
[Date "2017.06.19"]
[Round "7.24"]
[White "Cherniaev, Alexander"]
[Black "Zhileykin, Andrey"]
[Result "1-0"]
[WhiteElo "2425"]
[BlackElo "2225"]
[Annotator ""]
[Source ""]
[Remark ""]

1.d4 Nf6 2.c4 e6 3.Nc3 Bb4 4.f3 O-O 5.e4 d5 6.a3 Bxc3+ 7.bxc3
dxe4 8.Bg5 c5 9.fxe4 Qa5 10.Bxf6 Qxc3+ 11.Kf2 gxf6 12.Ne2 Qa5
13.d5 Nd7 14.Rc1 Qc7 15.g3 Qe5 16.Bg2 f5 17.exf5 Nf6 18.h3 Qxf5+
19.Kg1 exd5 20.cxd5 b6 21.Kh2 Ba6 22.Nf4 Rad8 23.Qa4 Bb7 24.Rhf1
Qd7 25.Qxa7 Bxd5 26.Qxb6 Bxg2 27.Nxg2 Ne4 28.Rf4 f5 29.Rcf1 Rb8
30.Qh6 Qg7 31.Qh4 Rb3 32.Rxf5 Rxf5 33.Rxf5 Qxg3+ 34.Qxg3+ Rxg3
35.Re5 Rxa3 36.Rxe4 Rc3 37.Ne3 Kf7 38.Kg3 Rc1 39.Kg4 Rg1+ 40.Kf5
Re1 41.h4 Re2 42.Kf4 Re1 43.Rc4 Rh1 44.Kg5 Re1 45.Ng4 Kg7 46.Rxc5
Rg1 47.Kh5 Rh1 48.Rg5+ Kf8 49.Nh6 Rh2 50.Rg8+ Ke7 51.Rg7+ Kf8
52.Rxh7 Rg2 53.Rh8+ Ke7 54.Rg8 Rh2 55.Rg6 Kf8 56.Rg4 Rh1 57.Kg6
Rf1 58.h5 Rf3 59.Rg5 Ra3 60.Rf5+ Ke7 61.Ng8+ Ke6 62.Rf8 Rg3+
63.Kh7 1-0

[Event "Master Open"]
[Site "Voronezh"]
[Date "2017.06.19"]
[Round "7.25"]
[White "Popov, Mikhail"]
[Black "Korchmar, Vasiliy"]
[Result "1/2-1/2"]
[WhiteElo "2378"]
[BlackElo "2422"]
[Annotator ""]
[Source ""]
[Remark ""]

1.Nf3 c5 2.c4 Nc6 3.g3 g6 4.Bg2 Bg7 5.Nc3 e5 6.a3 d6 7.Rb1 a5
8.O-O Nge7 9.Ne1 Be6 10.Nd5 Rb8 11.d3 O-O 12.Bd2 b5 13.Nc2 Bxd5
14.cxd5 Nd4 15.Na1 h5 16.e3 Ndf5 17.Nb3 Ra8 18.Qe1 b4 19.axb4
cxb4 20.Ra1 Qb6 21.Ra4 Qb5 22.Qa1 Qxd3 23.Qa2 e4 24.Bxb4 Nxd5
25.Bxa5 Ndxe3 26.Nc1 Qb5 27.fxe3 Nxe3 28.Re1 Nxg2 29.Kxg2 d5
30.b3 d4 31.Bb4 Rxa4 32.Qxa4 Rb8 33.Qxb5 Rxb5 34.Na2 f5 35.Rc1
d3 36.Rc8+ Kh7 37.Rc7 Kg8 38.Rc8+ Kh7 39.Rc7 Kg8 40.Rc8+ Kh7 1/2-1/2

[Event "Master Open"]
[Site "Voronezh"]
[Date "2017.06.19"]
[Round "7.26"]
[White "Murtazin, Ruslan"]
[Black "Ponomarev, Dmitry"]
[Result "1-0"]
[WhiteElo "2359"]
[BlackElo "2417"]
[Annotator ""]
[Source ""]
[Remark ""]

1.e4 d6 2.d4 Nf6 3.Nc3 c6 4.f4 Qa5 5.Bd3 e5 6.Nf3 Nbd7 7.O-O
Be7 8.h3 O-O 9.Be3 Qc7 10.Qd2 b5 11.a4 b4 12.Ne2 c5 13.c3 c4
14.Bb1 Bb7 15.Ng3 b3 16.a5 Rfe8 17.Qe2 Ba6 18.Nd2 Qc6 19.Nf5
Bf8 20.g4 Kh8 21.g5 Ng8 22.Ng3 f6 23.h4 exd4 24.Bxd4 Nc5 25.h5
d5 26.Qf3 dxe4 27.Ngxe4 Ne6 28.Be3 f5 29.Ng3 Qxf3 30.Nxf3 g6
31.Ne5 Ne7 32.hxg6 hxg6 33.Nxg6+ Nxg6 34.Bxf5 Nh4 35.Be4 Rad8
36.Kf2 Bc5 37.Rh1 Rd2+ 38.Ne2 Bxe3+ 39.Kxe3 Rxe2+ 40.Kxe2 Nxf4+
41.Kd2 Rxe4 42.Rxh4+ Kg7 43.Rf1 Re2+ 44.Kd1 Rxb2 45.Rhxf4 Ra2
46.Rf7+ Kg8 47.Rf8+ Kg7 48.R8f7+ Kg8 49.Rf8+ Kg7 50.R1f7+ Kg6
51.Rf6+ Kg7 52.R8f7+ Kg8 53.Rxa7 Bb5 54.Rb6 Be8 55.Rb8 1-0

[Event "Master Open"]
[Site "Voronezh"]
[Date "2017.06.19"]
[Round "7.27"]
[White "Pogorelskikh, Sergey"]
[Black "Peskov, Alexsey"]
[Result "0-1"]
[WhiteElo "2233"]
[BlackElo "2394"]
[Annotator ""]
[Source ""]
[Remark ""]

1.e4 c5 2.Nf3 e6 3.d4 cxd4 4.Nxd4 a6 5.Bd3 Nf6 6.O-O Qc7 7.Qe2
d6 8.c4 Nc6 9.Nxc6 bxc6 10.Nc3 Be7 11.b3 Nd7 12.Ba3 Bf6 13.Rac1
Bd4 14.Kh1 e5 15.Na4 Nc5 16.Nxc5 dxc5 17.Bb2 Bxb2 18.Qxb2 O-O
19.Rcd1 Rd8 20.Be2 Be6 21.Rxd8+ Rxd8 22.Rd1 Rxd1+ 23.Bxd1 Qa5
24.Qe2 Qc3 25.h3 a5 26.Qc2 Qe1+ 27.Kh2 g6 28.Bg4 Bxg4 29.hxg4
h6 30.Kg3 Kg7 31.Kf3 Kf6 32.Qd3 Ke7 33.Kg3 Qc1 34.f3 Qe1+ 35.Kh2
Qh4+ 36.Kg1 Qe1+ 37.Kh2 h5 38.gxh5 gxh5 39.g3 Qf2+ 40.Kh3 Qg1
41.Kh4 Qh2+ 42.Kg5 h4 43.g4 f6+ 44.Kg6 Qf4 45.Qd1 h3 46.Kg7 Qg5+ 0-1

[Event "Master Open"]
[Site "Voronezh"]
[Date "2017.06.19"]
[Round "7.28"]
[White "Volovich, Vasily"]
[Black "Kokarev, Dmitry"]
[Result "0-1"]
[WhiteElo "2062"]
[BlackElo "2640"]
[Annotator ""]
[Source ""]
[Remark ""]

1.e4 c6 2.Nf3 d5 3.Nc3 a6 4.d4 Bg4 5.h3 Bxf3 6.Qxf3 e6 7.Bd3
Nf6 8.O-O Be7 9.exd5 cxd5 10.Ne2 Nc6 11.c3 O-O 12.Bf4 b5 13.a3
Na5 14.Qg3 Nc4 15.b3 Nh5 16.Qf3 Nxf4 17.Nxf4 Nxa3 18.Qh5 h6 19.Qg4
Qd6 20.Rfe1 Bg5 21.Nxe6 fxe6 22.Rxe6 Qc7 23.Rxa3 Qxc3 24.Qd1
Qb2 25.Raxa6 Qxf2+ 26.Kh1 Rac8 27.Ra1 Rc3 28.Qf1 Qb2 29.Qxf8+
Kxf8 30.Rf1+ Bf6 31.Bg6 Rc8 32.Rfe1 Qc1 33.Rxc1 Rxc1+ 34.Kh2
Rc8 35.Rd6 Rc3 36.Re6 Be7 37.Rb6 Bh4 38.g3 Bxg3+ 39.Kg2 Bf4 40.b4
Ke7 41.Bf5 Rc4 42.Rxb5 Rxd4 43.Rb6 Bd6 44.b5 Rb4 45.Bg4 Rb2+
46.Kf3 g6 47.Rb7+ Kf6 48.Ke3 h5 49.Bd1 Rh2 50.Bf3 Rxh3 51.Rd7
Ke5 52.Rg7 Bc5+ 53.Ke2 Rh2+ 54.Kd1 Rf2 55.Be2 Rg2 56.Rc7 Bd4
57.Rc6 h4 58.b6 h3 59.b7 Ba7 60.Bf3 Rf2 61.Ra6 Rxf3 62.Rxa7 Rb3
63.Ra3 Rxb7 64.Rxh3 g5 65.Rh8 Kf4 66.Ke2 Rb2+ 67.Kf1 Kg3 0-1

[Event "Master Open"]
[Site "Voronezh"]
[Date "2017.06.19"]
[Round "7.29"]
[White "Gukesh, D"]
[Black "Rozum, Ivan"]
[Result "0-1"]
[WhiteElo "2332"]
[BlackElo "2599"]
[Annotator ""]
[Source ""]
[Remark ""]

1.Nf3 Nf6 2.g3 b6 3.Bg2 Bb7 4.c4 g6 5.O-O Bg7 6.Nc3 O-O 7.Re1
Ne4 8.Nxe4 Bxe4 9.d3 Bb7 10.e4 c5 11.d4 cxd4 12.Nxd4 d6 13.Be3
Nd7 14.Rc1 a6 15.Qd2 Re8 16.Ne2 b5 17.Bd4 Ne5 18.Qc3 Bh6 19.f4
Nc6 20.Bf2 Bg7 21.Qd2 Qa5 22.Qxa5 Nxa5 23.cxb5 axb5 24.Rc7 Rac8
25.Rxc8 Rxc8 26.Nd4 b4 27.Rd1 Nc4 28.Rc1 e5 29.Bh3 f5 30.exf5
Nxb2 31.Rb1 Rc3 32.Nb5 Rc2 33.Nxd6 Bd5 34.Ne8 Nd3 35.Be3 exf4
36.gxf4 Re2 37.Nxg7 Rxe3 38.Bf1 Kxg7 39.Bxd3 Rxd3 40.fxg6 Rd4
41.gxh7 Bxa2 42.Rb2 Bd5 43.Kf2 Rxf4+ 44.Ke3 Re4+ 45.Kd3 Kxh7
46.Rf2 Rh4 47.Rf6 b3 0-1

[Event "Master Open"]
[Site "Voronezh"]
[Date "2017.06.19"]
[Round "7.30"]
[White "Yeletsky, Ivan"]
[Black "Tsoi, Dmitry"]
[Result "1-0"]
[WhiteElo "2415"]
[BlackElo "2326"]
[Annotator ""]
[Source ""]
[Remark ""]

1.d4 f5 2.Bf4 Nf6 3.e3 e6 4.Be2 Be7 5.Nf3 O-O 6.O-O d5 7.c4 c6
8.Nc3 Bd7 9.Qb3 b6 10.Rac1 Be8 11.Ne5 Nfd7 12.cxd5 Nxe5 13.d6
Qxd6 14.Bxe5 Qd7 15.e4 Bf7 16.Rfd1 Qe8 17.Bc4 Nd7 18.Bxe6 Nxe5
19.dxe5 Bg5 20.Bxf7+ Rxf7 21.e6 Rf6 22.Rc2 Qxe6 23.Qxe6+ Rxe6
24.exf5 Re5 25.g4 Rae8 26.Rd7 h5 27.h3 a5 28.Kg2 b5 29.Kf3 Re1
30.Rd1 Rxd1 31.Nxd1 Re1 32.Nc3 Rh1 33.Kg2 Ra1 34.Ne4 Be7 35.b3
hxg4 36.hxg4 a4 37.bxa4 bxa4 38.g5 c5 39.Rb2 g6 40.fxg6 a3 41.Rb7
Kg7 42.Rxe7+ Kxg6 43.Nc3 Rc1 44.Nb5 Rc2 45.Nxa3 Rxa2 46.Nc4 Rc2
47.Re4 Kxg5 48.Re5+ 1-0

[Event "Master Open"]
[Site "Voronezh"]
[Date "2017.06.19"]
[Round "7.31"]
[White "Vaishali, R"]
[Black "Domogaev, Sergey"]
[Result "0-1"]
[WhiteElo "2312"]
[BlackElo "2411"]
[Annotator ""]
[Source ""]
[Remark ""]

1.Nf3 Nf6 2.g3 g6 3.b4 Bg7 4.Bb2 d6 5.Bg2 O-O 6.O-O e5 7.d3 a5
8.b5 e4 9.dxe4 Nxe4 10.Bxg7 Kxg7 11.Qd4+ Qf6 12.Na3 Nc3 13.Rfe1
d5 14.Ne5 Ne4 15.c4 c5 16.bxc6 Nxc6 17.Nxc6 bxc6 18.Qxf6+ Kxf6
19.Rab1 Be6 20.Rb6 Rfc8 21.Nc2 Nc3 22.cxd5 Bxd5 23.Bxd5 Nxd5
24.Rb3 c5 25.Ra3 c4 26.Rc1 c3 27.e4 Nb4 28.Ne3 c2 29.Ra4 Rab8
30.a3 Nd3 31.Rc4 Rb1 0-1

[Event "Master Open"]
[Site "Voronezh"]
[Date "2017.06.19"]
[Round "7.32"]
[White "Shagbazyan, Taron"]
[Black "Arjun, Kalyan"]
[Result "1-0"]
[WhiteElo "2406"]
[BlackElo "2322"]
[Annotator ""]
[Source ""]
[Remark ""]

1.d4 d5 2.c4 c6 3.Nf3 Nf6 4.Nc3 e6 5.e3 Nbd7 6.Qc2 Bd6 7.Bd3
O-O 8.O-O dxc4 9.Bxc4 e5 10.Rd1 Qc7 11.h3 exd4 12.Nxd4 Nb6 13.Bf1
Bd7 14.e4 h6 15.g3 Rad8 16.f4 Bc5 17.Be3 Rfe8 18.Bf2 Qc8 19.e5
Bxd4 20.Bxd4 Bf5 21.Qf2 Nfd5 22.Nxd5 Nxd5 23.Kh2 b6 24.Qf3 c5
25.Bf2 Nb4 26.a3 Nc2 27.Rac1 Rxd1 28.Rxd1 Rd8 29.Ba6 Qc7 30.Qb7
Rd7 31.Qxc7 Rxc7 32.g4 Be4 33.Rd8+ Kh7 34.Bc4 g5 35.f5 Rb7 36.Bxf7
Rxf7 37.e6 Rb7 38.Rd7+ Kg8 39.f6 Rb8 40.Bg3 Rc8 41.f7+ 1-0

[Event "Master Open"]
[Site "Voronezh"]
[Date "2017.06.19"]
[Round "7.33"]
[White "Murtazin, Bulat"]
[Black "Grachev, Andrey"]
[Result "1-0"]
[WhiteElo "2403"]
[BlackElo "2268"]
[Annotator ""]
[Source ""]
[Remark ""]

1.d4 d5 2.c4 e6 3.Nf3 Nf6 4.Nc3 a6 5.cxd5 exd5 6.Bg5 Be6 7.e3
Nbd7 8.Bd3 h6 9.Bh4 g5 10.Bg3 Nh5 11.Be5 Ng7 12.h3 Nxe5 13.Nxe5
Bd6 14.O-O c6 15.Na4 h5 16.f4 gxf4 17.exf4 Nf5 18.Qe1 Qf6 19.Nc5
Bxc5 20.dxc5 Rg8 21.Rf2 O-O-O 22.Qa5 Nh4 23.Bxa6 Bxh3 24.Bxb7+
Kxb7 25.Qb6+ Kc8 26.Nxc6 Rxg2+ 27.Rxg2 Nf3+ 28.Kf2 Qxf4 29.Qxd8+
Kb7 30.Qb8+ 1-0

[Event "Master Open"]
[Site "Voronezh"]
[Date "2017.06.19"]
[Round "7.34"]
[White "Sobina, Pavel"]
[Black "Palachev, Petr"]
[Result "1-0"]
[WhiteElo "2250"]
[BlackElo "2380"]
[Annotator ""]
[Source ""]
[Remark ""]

1.e4 c5 2.Nc3 Nc6 3.g3 g6 4.Bg2 Bg7 5.d3 d6 6.f4 e6 7.Nf3 Nge7
8.O-O O-O 9.h4 e5 10.Ng5 h6 11.Nh3 f5 12.h5 exf4 13.gxf4 Qe8
14.Nb5 Qd8 15.Kh2 Be6 16.Bf3 a6 17.Nc3 Nd4 18.Rg1 Qd7 19.Rg3
Nxf3+ 20.Qxf3 g5 21.Nxg5 hxg5 22.Rxg5 Kh7 23.Bd2 Bd4 24.Ne2 Bxb2
25.Rag1 Bf6 26.Bc3 Bxc3 27.Nxc3 Rg8 28.Qg3 Rxg5 29.fxg5 Rh8 30.Ne2
fxe4 31.dxe4 Ng6 32.hxg6+ Kxg6+ 33.Kg2 Bh3+ 34.Kf2 Qf7+ 35.Ke1
Kg7 36.Qxd6 Qxa2 37.Qe5+ Kg8 38.Qb8+ Kg7 39.Qxb7+ Qf7 40.Qxa6
Rh4 41.e5 Qc4 42.Qf6+ Kg8 43.g6 Bg4 44.Rxg4 Rxg4 45.e6 Qb4+ 46.Kf2
Qb7 47.Qd8+ Kg7 48.Qd7+ Qxd7 49.exd7 1-0